[Event "EU-chT Seniors 12th"]
[Site "Dresden"]
[Date "2010.02.10"]
[Round "1"]
[White "Duerrfeld, P."]
[Black "Braun, Gottfried"]
[Result "0-1"]
[WhiteElo "1946"]
[BlackElo "2215"]
[PlyCount "84"]
[EventDate "2010.02.10"]
[EventType "team-swiss"]
[EventRounds "9"]
[EventCountry "GER"]
[SourceTitle "CBM 134 Extra"]
[Source "ChessBase"]
[SourceDate "2010.03.03"]
[SourceVersion "1"]
[SourceVersionDate "2010.03.03"]
[SourceQuality "1"]
[WhiteTeam "Denmark (Seniors) II"]
[BlackTeam "Leipzig (Seniors)"]
[WhiteTeamCountry "DEN"]
[BlackTeamCountry "GER"]

1. e4 d6 2. d4 Nf6 3. Nc3 e5 4. dxe5 dxe5 5. Qxd8+ Kxd8 6. Bc4 Be6 7. Bxe6 fxe6 8. Bg5 Bd6 9. 0-0-0 Nc6 10. Nb5 Ke7 11. f3 Rac8 12. Ne2 Bc5 13. a3 h6 14. Bxf6+ gxf6 15. Rd3 a6 16. Nbc3 Rcd8 17. Rhd1 Rxd3 18. Rxd3 Rg8 19. g3 h5 20. f4 exf4 21. Nxf4 Ne5 22. Rd1 h4 23. Nce2 Be3+ 24. Kb1 Bxf4 25. gxf4 Nf3 26. Rd3 Nxh2 27. Rh3 Nf1 28. Kc1 Ng3 29. Nc3 Rg4 30. Kd2 Rxf4 31. Ke3 Nh5 32. Ne2 Rg4 33. Kf3 f5 34. exf5 exf5 35. c3 c5 36. Rh1 Re4 37. Ng1 Kf6 38. Nh3 Rg4 39. Nf2 Rg3+ 40. Ke2 Nf4+ 41. Kf1 h3 42. Rh2 Kg5 0-1